¿Qué cambios trae la nueva Ley de Igualdad de Oportunidades entre mujeres y hombres? (Registro nro. 22219)
[ vista simple ]
| 000 -Cabecera | |
|---|---|
| Campo de control interno | 00723nam a2200193 4500 |
| 001 - Número de control | |
| control field | ESSALUD |
| 007 - Tipo material - Descripcion fisica - info general | |
| Tipo material - Descripcion fisica - info general | ta |
| 008 - Elementos de Longitud Fija - Información General | |
| Elementos de Longitud Fija - Información | t2025 pe ||||| |||| 00| 0 spa d |
| 040 ## - Origen de la Catalogación | |
| Origen de la Catalogación | BMG |
| 041 ## - Idioma | |
| Idioma | spa |
| 100 ## - Autor | |
| Autor | Torres Carrasco, Manuel Alberto |
| Rol del Autor | autor |
| 9 (RLIN) | 21063 |
| 245 ## - Titulo | |
| Titulo | ¿Qué cambios trae la nueva Ley de Igualdad de Oportunidades entre mujeres y hombres? |
| 300 ## - Páginas | |
| Paginación | páginas 119-121 |
| 650 ## - Temas - Descriptores | |
| Temas - Descriptores | LEGISLACIÓN |
| 9 (RLIN) | 209 |
| 650 ## - Temas - Descriptores | |
| Temas - Descriptores | EQUIDAD DE GÉNERO |
| 9 (RLIN) | 38414 |
| 653 ## - Palabras claves | |
| Palabras claves | IGUALDAD DE OPORTUNIDADES |
| 773 0# - Revista (Relacion con el numero) | |
| Host Biblionumber | 19945 |
| Host Itemnumber | 22506 |
| Ciudad, Editorial | Lima Gaceta Jurídica Editores, 2013- |
| Codigo barras item/ejemplar | GACIV028 |
| Titulo de la Revista | Gaceta civil & procesal civil : información especializada para abogados y jueces |
| Número de control de registro | ESSALUD |
| ISSN | 2305-3259 |
| 942 ## - Elementos de Koha | |
| Tipo de Documento | Artículos |
| Fecha procesamiento | 2026-02-20 |
| Catalogador | AFC |
No hay ítems disponibles.